000 00503nam a22001817a 4500
003 OSt
005 20240625151050.0
008 240625b |||||||| |||| 00| 0 eng d
020 _a9780821414484
040 _cMUST
082 _a963.7 REM 2000
100 _aDonald James
_917863
245 _aRemapping Ethiopia
_bSocialism and after/
_cedited by Wendy James ...(et al)
300 _axi,306p
_bill.
_c22cm
504 _aBibliographies and indexes included
650 _2History
942 _2ddc
_cO_SHELF
999 _c8840
_d8840